New bearings in english studies: (Record no. 37909)

MARC details
000 -LEADER
fixed length control field 00724nam a22001937a 4500
005 - DATE AND TIME OF LATEST TRANSACTION
control field 20100727124844.0
010 ## - LCCN (DPL NO)
LC control number ENG-96874
020 ## - INTERNATIONAL STANDARD BOOK NUMBER
International Standard Book Number 9788125035121
Terms of availability 850.00
020 ## - INTERNATIONAL STANDARD BOOK NUMBER
International Standard Book Number 8125035125
Terms of availability 850.00
035 ## - SYSTEM CONTROL NUMBER
System control number EN-80407
037 ## - SOURCE OF ACQUISITION
Source of stock number/acquisition DBAD/PUB
082 ## - DEWEY DECIMAL CLASSIFICATION NUMBER
Classification number 808.88
245 ## - TITLE STATEMENT
Title New bearings in english studies:
Remainder of title a festschrift for C T Indra /
Statement of responsibility, etc edited by R Azhagarasan..[et.al]
260 ## - PUBLICATION, DISTRIBUTION, ETC. (IMPRINT)
Place of publication, distribution, etc New Delhi
Name of publisher, distributor, etc Orient Longman
Date of publication, distribution, etc 2008
270 ## - ADDRESS
Address 1/24 Asaf Ali Road, New Delhi-110002
City New Delhi
300 ## - PHYSICAL DESCRIPTION
Extent xxvii, 243p.
Dimensions 24cm (Hb)
942 ## - ADDED ENTRY ELEMENTS (KOHA)
Source of classification or shelving scheme Dewey Decimal Classification
Item type English Books
Classification part 808.88
Call number suffix NEW
Holdings
Withdrawn status Lost status Not for loan Collection code Home library Current library Date acquired Source of acquisition Cost, normal purchase price Full call number Barcode Copy number Cost, replacement price Koha item type
    Not For Loan Non-fiction D.B.Act.Division D.B.Act.Division 27/07/2010 DBAD/PUB 850.00 808.88 NEW EN-80407 1 850.00 English Books

© Delhi Public Library
Hit Counter
free hit counter